header

Modes of spectating (Record no. 578)

MARC details
000 -LEADER
fixed length control field 01170nam a2200301Ia 4500
100 1# - MAIN ENTRY--AUTHOR NAME
Personal name Oddey, Alison.
245 10 - TITLE STATEMENT
Title Modes of spectating
260 ## - PUBLICATION, DISTRIBUTION, ETC. (IMPRINT)
Place of publication Bristol, UK. ;
-- Chicago, Ill. :
Name of publisher Intellect Books :
-- University of Chicago Press,
Year of publication 2009.
300 ## - PHYSICAL DESCRIPTION
Number of Pages 265 p. :
Other physical details ill.
650 #0 - SUBJECT ADDED ENTRY--TOPICAL TERM
Topical Term Mass media
Topical Term Theater audiences.
700 1# - ADDED ENTRY--PERSONAL NAME
Personal name White, Christine.
856 40 - ELECTRONIC LOCATION AND ACCESS
Uniform Resource Identifier http://site.ebrary.com/lib/rucke/Doc?id=10288761

No items available.

© 2026 Rongo University
Contact us: librarian | system librarian | Rongo university